000 00730nam a2200229Ia 4500
003 OSt
005 20220923220938.0
006 a|||||r|||| 00| 0
007 ta
008 220922b |||||||| |||| 00| 0 hin d
024 _a192,537
037 _cTextual
040 _aARTS
_cARTS
_bhin
041 _2hin
_ahin
082 _aU8.2.M5, 152K9
100 _aटाड, जेम्स
245 0 _aपश्चिमी भारत की यात्रा, अनु केशव कुमार ठाकुर
246 _aPashchimī bhārat kī yātrā, anu0 keshav kumār ṭhākura
260 _c1969
942 _hU8.2.M5, 152K9
_cTEXL
_2CC
999 _c345138
_d345138